00704nam a2200205 a 4500008004100000020001500041050001600056100001600072245008700088250001200175260003300187300003200220350000900252490010200261500005300363650001300416650002600429700002400455700001900479090827s2008 ||||||||||||||||| || u a0072977485 aHF 1017 Ess aOrris, J. B10aEssentials of business statistics. -- 2nd ed.cby Bruce L. Bowerman...[and others] a2nd ed. aNew York:bMcGraw-Hillc2008 axviii, 654p.: ill. + CD-ROM a0.00 aThe McGraw-Hill/Irwin series: Business statistics and quantitative methods and management science aAccompanied by a CD-Rom available in the cybrary 0aBUSINESS 0aCOMMERCIAL STATISTICS aO'Connell, Robert T aPorter, Dawn C